00303nam a2200121Ia 4500008004100000082001600041100001400057245004100071250000800112260004500120300000800165650000800173191201s2008 xx 000 0 und d a658.32bSHC aSHARMA,AM 0aCompensation Managment and labour... aRep aN. delhibHimala Publication Housec2008 a156 aMBA